01031 2200529 4500001002100000005001500021035002000036245005400056100002700110250000600137300001700143700001700160260003200177082001400209084002000223020001800243990000800261990000800269990000800277990000800285990000800293990000800301990000800309990000800317990000800325990000800333990000800341990000800349990000800357990000800365990000800373990000800381990000800389990000800397990000800405990000800413990000800421990000800429990000800437990000800445990000800453990000800461990000800469990000800477990000800485990000800493INLIS00000000000008720190125124547 a0010-01190000431 aSherlock Holmes :bJejak Iblis /cFransiska Titin0 aSir Arthur Conan Doyle a1 a108 ;c18 cm0 aNina Artanti aYogyakarta :bNARASI,c2006 a899.221'3 a899.221'3 SIR s a979-7564-97-5 a240 a241 a242 a243 a244 a244 a240 a241 a242 a243 a243 a240 a241 a242 a244 a242 a240 a241 a243 a244 a241 a240 a242 a243 a244 a240 a241 a242 a243 a244